Obraz siebie u kobiet długotrwale bezrobotnych

Podrobná bibliografia
Hlavný autor: Walczak, Renata (Autor)
Médium: Kniha
Jazyk:poľština
Fyzický popis:210 s. tab. 21 cm
Vydavateľské údaje: Lublin Towarzystwo Naukowe Katolickiego Uniwersytetu Lubelskiego c2000
ISBN:8373060170
Edícia:Prace Wydziału Nauk Społecznych 64
Predmet:

MARC

LEADER 00000nam a2200000 a 4500
001 vtls001426850
003 SK-MaSNL
005 20260301202621.0
008 251113s2000 PL a r 0 pol
020 |a 8373060170  |c [120,00] 
035 |a SNK000381808 
040 |a SNK  |b slo  |c SNK  |e AACR2 
044 |a PL 
080 |a 159.923.2-055.2:331  |2 1981 
080 |a 331:159.923.2-055.2  |2 1981 
100 1 |a Walczak, Renata  |4 aut  |9 584922 
245 1 0 |a Obraz siebie u kobiet długotrwale bezrobotnych  |c Renata Walczak 
260 |a Lublin  |b Towarzystwo Naukowe Katolickiego Uniwersytetu Lubelskiego  |c c2000 
300 |a 210 s.  |b tab.  |c 21 cm 
490 1 |a Prace Wydziału Nauk Społecznych  |v 64 
650 0 7 |a ženy  |x nezamestnanosť  |x aspekty psychologické  |2 SNK  |9 584923 
810 2 |a Katolicki Uniwersytet Lubelski.  |b Towarzystwo Naukowe  |t Prace Wydziału Nauk Społecznych  |9 90454 
919 |a 83-7306-017-0 
999 |c 899503  |d 901433 
952 |t P60, <04>, [BOOK], {604}  |a SNK  |b SNK  |y VYP  |7 0  |p 17A0328684  |o snkIC 129869  |i snkV 149/2002  |0 0  |1 0  |4 0  |d 2002-01-28  |l 0  |r 2005-01-02 00:00:00  |w 2026-02-24